Extramuros : revista de la Universidad Metropolitana de Ciencias de la Educación /

Bibliographic Details
Format: Revista
Language:English
Published: Santiago, Chile UMCE 2003

MARC

LEADER 00000cas a2200000 a 4500
001 033143
003 UAHC_CL
005 20170803123612.0
008 140807b xx j 000 1 eng
040 |a UAHC_CL  |c UAHC_CL  |d UAHC_CL 
245 1 0 |a Extramuros :  |b revista de la Universidad Metropolitana de Ciencias de la Educación /  |c UMCE. 
260 |b UMCE  |a Santiago, Chile  |c 2003 
900 |a EXTRAMUROS-DICIEMBRE/14 
942 |c REV 
952 |0 0  |1 0  |4 0  |6 EXTRAMUROS_02_03_000000000000000  |7 0  |8 Hemeroteca  |9 63634  |a BC  |b BC  |c Hemeroteca  |d 2017-08-03  |l 0  |o EXTRAMUROS-02/03  |p 1343652  |r 2019-01-08 00:00:00  |t 1  |w 2017-08-03  |y REV 
952 |0 0  |1 0  |4 0  |6 EXTRAMUROS_03_04_000000000000000  |7 0  |8 Hemeroteca  |9 63635  |a BC  |b BC  |c Hemeroteca  |d 2017-08-03  |l 0  |o EXTRAMUROS-03/04  |p 1408358  |r 2019-01-08 00:00:00  |t 1  |w 2017-08-03  |y REV 
952 |0 0  |1 0  |4 0  |6 EXTRAMUROS_04_05_000000000000000  |7 0  |8 Hemeroteca  |9 63636  |a BC  |b BC  |c Hemeroteca  |d 2017-08-03  |l 0  |o EXTRAMUROS-04/05  |p 1408359  |r 2019-01-08 00:00:00  |t 1  |w 2017-08-03  |y REV 
952 |0 0  |1 0  |4 0  |6 EXTRAMUROS_05_06_000000000000000  |7 0  |8 Hemeroteca  |9 63637  |a BC  |b BC  |c Hemeroteca  |d 2017-08-03  |l 0  |o EXTRAMUROS-05/06  |p 10167  |r 2019-01-08 00:00:00  |t 1  |w 2017-08-03  |y REV 
952 |0 0  |1 0  |4 0  |6 EXTRAMUROS_06_07_000000000000000  |7 0  |8 Hemeroteca  |9 63638  |a BC  |b BC  |c Hemeroteca  |d 2017-08-03  |l 0  |o EXTRAMUROS-06/07  |p 1408361  |r 2019-01-08 00:00:00  |t 1  |w 2017-08-03  |y REV 
952 |0 0  |1 0  |4 0  |6 EXTRAMUROS_DICIEMBRE_12_000000000000000  |7 0  |8 Hemeroteca  |9 63639  |a BC  |b BC  |c Hemeroteca  |d 2017-08-03  |l 0  |o EXTRAMUROS-DICIEMBRE/12  |p 3283  |r 2019-01-08 00:00:00  |t 1  |w 2017-08-03  |y REV 
952 |0 0  |1 0  |4 0  |6 EXTRAMUROS_DICIEMBRE_13_000000000000000  |7 0  |8 Hemeroteca  |9 63640  |a BC  |b BC  |c Hemeroteca  |d 2017-08-03  |l 0  |o EXTRAMUROS-DICIEMBRE/13  |p 3284  |r 2019-01-08 00:00:00  |t 1  |w 2017-08-03  |y REV 
952 |0 0  |1 0  |4 0  |6 EXTRAMUROS_DICIEMBRE_15_000000000000000  |7 0  |8 COMP  |9 89382  |a BC  |b BC  |c Hemeroteca  |d 2018-01-29  |l 0  |o EXTRAMUROS-DICIEMBRE/15  |p 2980  |r 2019-01-08 00:00:00  |t 1  |w 2018-01-29  |y REV 
952 |0 0  |1 0  |4 0  |6 EXTRAMUROS_DICIEMBRE_16_000000000000000  |7 0  |8 COMP  |9 89383  |a BC  |b BC  |c Hemeroteca  |d 2018-01-29  |l 0  |o EXTRAMUROS-DICIEMBRE/16  |p 2981  |r 2019-01-08 00:00:00  |t 1  |w 2018-01-29  |y REV 
999 |c 33143  |d 33143